000 00471nam a22001817a 4500
005 20250210130358.0
008 250210b |||||||| |||| 00| 0 eng d
020 _a9780852973592
050 _aHG1707
_bEDW
100 _aEdwards, J R
245 _aAccounting for banking students
250 _a4th
260 _aLondon
_bThe Chartered Institute of Bankers
_cc1983
300 _axii, 591p
500 _aIncludes index
700 _aMellett, H. J.
942 _2lcc
_cBK
_n0
999 _c3782
_d3782